Experiencias de la UNESCO en la elaboración de metodologías para el diagnóstico de las actividades y los servicios de información para eldesarrollo. (Record no. 136034)
[ view plain ]
| 000 -CABECERA | |
|---|---|
| campo de control de longitud fija | 00860nam a2200205 a 4500 |
| 005 - FECHA Y HORA DE LA ÚLTIMA TRANSACCIÓN | |
| campo de control | 20210219160349.0 |
| 008 - ELEMENTOS DE LONGITUD FIJA--INFORMACIÓN GENERAL | |
| campo de control de longitud fija | 081020s2000 mx r 000 0 spa d |
| 035 ## - NÚMERO DE CONTROL DEL SISTEMA | |
| Número de control de sistema | UPN01000163921 |
| 049 ## - COLECCIÓN | |
| Colección | UNE |
| 080 ## - NÚMERO DE CLASIFICACIÓN DECIMAL UNIVERSAL | |
| Número de la Clasificación Decimal Universal | 021: 001.8 EXP. |
| 111 2# - ASIENTO PRINCIPAL--NOMBRE DE REUNION | |
| Nombre de congreso/reunión o jurisdicción como elemento de entrada | Seminario de metodologías para la evaluación de las infraestructuras de información y experiencias conexas en América Latina (Santiago de Chile: 1981) |
| 245 10 - MENCIÓN DE TÍTULO | |
| Título | Experiencias de la UNESCO en la elaboración de metodologías para el diagnóstico de las actividades y los servicios de información para eldesarrollo. |
| 260 ## - PUBLICACIÓN, DISTRIBUCIÓN, ETC. | |
| Lugar de publicación, distribución, etc. | París : UNESCO, 1981. |
| 300 ## - DESCRIPCIÓN FÍSICA | |
| Extensión | 10 p. |
| 440 #0 - MENCIÓN DE SERIE/ASIENTO SECUNDARIO--TÍTULO | |
| Título | PGI-81/WS/13 |
| 690 ## - PUNTO DE ACCESO ADICIONAL DE MATERIA LOCAL--TÉRMINO DE MATERIA (OCLC, RLIN) | |
| Término de materia o nombre geográfico como elemento inicial | Servicios de informacion- Bibliotecas- Archivos |
| 690 ## - PUNTO DE ACCESO ADICIONAL DE MATERIA LOCAL--TÉRMINO DE MATERIA (OCLC, RLIN) | |
| Término de materia o nombre geográfico como elemento inicial | Bibliotecas- Recopilacion de informacion |
| 710 2# - ASIENTO SECUNDARIO - NOMBRE CORPORATIVO | |
| Nombre de entidad corporativa o nombre de jurisdicción como elemento de entrada | PGI. Programa General de Información y Unisist |
| 905 ## - TIPO DE MATERIAL | |
| Tipo de material | UNESCO |
No items available.
